|
|
|
|
| LEADER |
02266njm a2200445 a 4500 |
| 001 |
000772959 |
| 003 |
CZ BrMZK |
| 005 |
20050524104029.0 |
| 007 |
ss lsnjlcmpnze |
| 008 |
050503s2004 xr ppg ?? ?? cze d |
| 015 |
|
|
|a cnb001495089
|
| 028 |
0 |
1 |
|a SU 5579-4
|b Supraphon
|
| 040 |
|
|
|a ABA001
|b cze
|d BOA001
|
| 045 |
|
|
|a x6x9
|
| 080 |
|
|
|a 784.4
|2 MRF
|
| 080 |
|
|
|a (086.7)
|2 MRF
|
| 100 |
1 |
|
|a Rottrová, Marie,
|d 1941-
|7 jn19990209724
|4 sng
|
| 245 |
1 |
0 |
|a Jen ty a já
|h [zvukový záznam] :
|b dueta
|
| 260 |
|
|
|a Praha :
|b Supraphon,
|c p2004
|
| 300 |
|
|
|a 1 zvuková kazeta (63:02) :
|b analog, stereo, Dolby system +
|e 1 leták (10 x 23 cm)
|
| 306 |
|
|
|a 010302
|
| 500 |
|
|
|a Kompilace
|
| 505 |
0 |
0 |
|t Ať soused shůry bouchá --
|t Caciby --
|t Dialog s klaunem --
|t Jaká zvláštní láska --
|t Klíč pro štěstí --
|t Ráno jak má bejt --
|t Mít pouhej tejden --
|t Najednou --
|t Oči --
|t Okno naproti --
|t Pár slov, pár kroků, pár gest --
|t Ranní loučení --
|t S tím bláznem si nic nezačínej --
|t Tiše zpívám --
|t Venku je déšť a mráz --
|t Volej známý číslo --
|t Zatracenej čáp --
|t Znáš mě nejlíp --
|t I blázen snad touží
|
| 511 |
0 |
|
|a V duetech s Marií Rottrovou zpívají: Jiří Bartoška, Pavel Bobek, Karel Černoch, Josef Dvořák, Karel Gott, Jiří Korn, Pavel Landovský, Petr Němec, Radek Pastrňák, Bolek Polívka, Viktor Preiss
|
| 518 |
|
|
|a Nahrávky z let 1969-1992 remásterovány v msm-studios Mnichov
|
| 530 |
|
|
|a Vydáno také na kompaktní desce;
|d SU 5579-2
|
| 546 |
|
|
|a Souběžné anglické názvy zahraničních skladeb
|
| 650 |
0 |
7 |
|a populární písně
|7 ph124354
|y 1961-1970
|2 czenas
|
| 650 |
0 |
7 |
|a populární písně
|7 ph124354
|y 1971-1980
|2 czenas
|
| 650 |
0 |
7 |
|a populární písně
|7 ph124354
|y 1981-1990
|2 czenas
|
| 650 |
0 |
4 |
|a dueta
|
| 650 |
0 |
7 |
|a populární písně
|7 ph124354
|y 1991-2000
|2 czenas
|
| 655 |
|
7 |
|a zvukové kazety
|7 fd186720
|2 czenas
|
| 700 |
1 |
|
|a Bartoška, Jiří,
|d 1947-2025
|7 jn19981228036
|4 sng
|
| 700 |
1 |
|
|a Bobek, Pavel,
|d 1937-2013
|7 jn19990009804
|4 sng
|
| 700 |
1 |
|
|a Černoch, Karel,
|d 1943-2007
|7 jn19981002596
|4 sng
|
| 910 |
|
|
|a BOA001
|b KZ-0012.319
|
| 990 |
|
|
|a AV
|
| 991 |
|
|
|b 200505
|
| 996 |
6 |
|
|b 261H013521
|c KZ-0012.319
|l MZK
|r Sklad / do 24 hodin
|n 0
|w 000772959
|u 000010
|a 1
|e BOA001
|j MZK50
|s P
|